00618 2200229 4500001002100000005001500021008004100036020002200077035001900099041000700118082000800125090001600133100001900149700002200168700002800190700002200218245006000240260003500300300002800335500001000363650001500373INLIS00000000000509820241224113034241224||||||||| | ||| |||| || |  a978-979-002-668-1 0010-1224005098 aid0 a579 a579.8 SIN T0 aSINGGIH WIBOWO0 aArif Rahman Hakim0 aRosmawaty Peranginangin0 aMuhammad Darmawan00aTeknik Pengolahan ATC Dari Rumput Laut Euchema Cottonii aJakartabPenebar Swadayac2014 aiv, 76 HAL,; IL,; 23 CM aCET 1 0aIlmu Murni